03850nam a2200541Ia 4500001000400000008004100004010000800045041001400053082001400067245026500081260001300346300000700359520000700366630001600373630001300389630001700402650002500419690001400444700002900458700003400487700003500521901007800556902000600634903003700640904001800677905003000695906000600725907001400731908001400745909005100759910001500810911001100825912001400836913000900850914002400859915001900883916000900902917000900911918001400920919002100934520229600955921000703251922000703258923000603265924001403271942001003285999001303295619241029s9999 xx 000 0 und d a561 aEspañol aNO APLICA 0aCriterios de evaluación de los aprendizajes utilizados por los docentes del área de Educación Física en el 2do. Ciclo del Nivel Básico de la Escuela Domingo Moreno Jiménez del Distrito Educativo 10-03, Santo Domingo Este, en el período 2011-2012. aValverde a52 a29 aAprendizaje aDocentes aEvaluación aEducación Física aElaborado easesoraAlarcón , Sara eautoraPérez Rosa, Macciel  eautoraBrito González, Pedro a{"1":"Pérez Rosa","2":"Brito González"}b{"1":"Macciel ","2":"Pedro"} a1 a{"1":"Alarcón "}b{"1":"Sara"} aMaestría en aFormación de Formadores a2 aNO APLICA aNO APLICA aUniversidad Autónoma de Santo Domingo (UASD) aNULLbNULL a["15"] aNO APLICA aNULL a01 de Enero de 2012 a27/11/19 08:11 aNULL aNULL aNO APLICA a["18","70","97"] aLos propósitos fundamentales de esta investigación se basaron en identificar los criterios de evaluación utilizados por los profesores de Educación Física para determinar los aprendizajes en el 5to. Grado del 2do. Ciclo del Nivel Básico de la Escuela Domingo Moreno Jiménez.De acuerdo con los objetivos propuestos, este estudio corresponde con una investigación tipo exploratorio, debido a que involucra la exploración, registro, análisis e interpretación de un fenómeno actual. En este estudio se siguió la metodología cualitativa, tomando como población los alumnos del 5to. Grado del 2do. Ciclo del Nivel Básico de la Escuela Domingo Moreno Jiménez del Distrito Educativo 10-03, Santo Domingo Este; los cuales comprenden en su totalidad ciento cincuenta y ocho (158) estudiantes y de éstos, se trabajó con una muestra de dieciocho (18) estudiantes al azar de las tres (3) secciones. A estos estudiantes se les aplicó el método de encuesta como herramienta de investigación. Los resultados de la investigación permitieron determinar los criterios de evaluación utilizados por los maestros del área de Educación Física de la Escuela objeto de estudio. En tal sentido, se pudo notar que los maestros de Educación Física entrevistados, tratan de promover la practica física que propicia hábitos y estilos de vida saludable y aprendizajes para toda la vida. Básicamente, estos maestros coinciden en enfatizar que las actividades prácticas que ellos asignan a los estudiantes están agrupados en cuatro (4) categorías: desarrollo perceptivo, capacidades físicas, formación deportiva y protección de la salud.Conforme a los resultados, la investigación plantea como recomendaciones que existan criterios uniformes para la evaluación en Educación Física, hecho por un organismo gestor capaz y con criterios pedagógicos y que la planificación en Educación Física debe estar coordinada, regida y normada por principios pedagógicos que rebosen en actividades físicas. Dentro de la investigación se pudo notar la divergencia de criterio entre los maestros y maestras de Educación Física, en este sentido, se sugiere aunar criterios para la obtención de resultados homogéneos en la evaluación. a16 a16 a0 aNO APLICA cTesis c561d561